00976ngm a2200301 4500003000400000005001700004007000500021008004100026010003800067024004800105035002000153035002000173040001300193082001500206245007100221260002900292300006300321440003200384500004900416500005800465538004900523650001900572700001600591700002000607700001800627700001300645700001600658dpl20081120111436.0DVD ||||||sp199 xxu|||||c ||| 00| 0 ng d  aDVD-001222-1224 & DVD-005609-5613 aSHE DVD 129c169.00 , 99.00 (Revised Price) aDVD-001222-1224 aDVD-005609-5613 aDPLcDPL aDVD / DHAR aDharam KaramcRaj Kapoor Classics Presentsh[videorecording] DVD/ bShemaroo Video Pvt. Ltd. a1 videodisc DVD; (161 min.) :bsd., col. ;c4 3/4 in.fDVD aShemaroo Home Entertainment aDigitally Re-Mastered From the Original Film aInteractive Menus of Songs and Scenes for Easy Access aDolby Digital 5.1 - Hindi Subtitles: English aMotion Picture aKapoor, Raj aKapoor, Randhir aBurman, R. D. aPremnath aDara Singhj